Central Library OPAC University of Rajshahi
Normal view MARC view

Entry Topical Term

Number of records used in: 3

001 - CONTROL NUMBER

  • control field: 15789

003 - CONTROL NUMBER IDENTIFIER

  • control field: BD-RjUL

005 - DATE AND TIME OF LATEST TRANSACTION

  • control field: 20250625160936.0

008 - FIXED-LENGTH DATA ELEMENTS

  • fixed length control field: 250625|| aca||aabn | a|a d

040 ## - CATALOGING SOURCE

  • Original cataloging agency: BD-RjUL
  • Transcribing agency: BD-RjUL

150 ## - HEADING--TOPICAL TERM

  • Topical term or geographic name entry element: Crime
  • Geographic subdivision: England
  • Geographic subdivision: London
  • Form subdivision: Early works to 1800

670 ## - SOURCE DATA FOUND

  • Source citation: Work cat.: (BD-RjUL)85061: Greene, Robert, 1558-1592. 15788, The thirde & last part of conny-catching :, 1966.